| 000 | 01038nam a22003015a 4500 | ||
|---|---|---|---|
| 003 | EG-ScBUE | ||
| 005 | 20211223124925.0 | ||
| 008 | 180219s200u ua f b 000 1 eng d | ||
| 020 | _z97705222 | ||
| 040 |
_aEG-ScBUE _beng _erda _cEG-ScBUE _dEG-ScBUE |
||
| 082 | 0 | 4 |
_a823.5 _bSWI _222 |
| 100 | 1 |
_aSwift, Jonathan, _d1667-1745, _eauthor. _929902 |
|
| 245 | 1 | 0 |
_aGulliver's travels / _cJonathan Swift ; introduction by Mona Abousenna. |
| 264 | 1 |
_a[Cairo] : _bThe Anglo-Egyptian Bookshop, _c[200-?] |
|
| 300 |
_a391 pages ; _c20 cm |
||
| 336 |
_2rdacontent _atext _btxt |
||
| 337 |
_2rdamedia _aunmediated _bn |
||
| 338 |
_2rdacarrier _avolume _bnc |
||
| 504 | _aIncludes bibliographical references. | ||
| 600 | 1 | 7 |
_aGulliver, Lemuel _c(Fictitious character) _2BUEsh |
| 650 | 7 |
_aFantasy fiction, English. _2BUEsh _919604 |
|
| 650 | 7 |
_aVoyages, Imaginary. _2BUEsh |
|
| 651 | _2BUEsh | ||
| 653 |
_bHHUUEENN _cFebruary2018 |
||
| 655 |
_vText book _933728 |
||
| 700 | 1 |
_aAbousenna, Mona, _eauthor of introduction, etc. |
|
| 942 |
_2ddc _cBB |
||
| 999 |
_c26148 _d26120 |
||